|
|
|
|
| LEADER |
01726cas a2200253 a 4500 |
| 001 |
AALejournalIMF019094 |
| 008 |
230101c9999 xx r poo 0 0eng d |
| 020 |
|
|
|c 5.00 USD
|
| 020 |
|
|
|z 9781484399613
|
| 022 |
|
|
|a 1018-5941
|
| 040 |
|
|
|a BD-DhAAL
|c BD-DhAAL
|
| 100 |
1 |
|
|a Frank Wu, Dong.
|
| 245 |
1 |
0 |
|a Nonlinearity Between the Shadow Economy and Level of Development /
|c Dong Frank Wu, Friedrich Schneider.
|
| 264 |
|
1 |
|a Washington, D.C. :
|b International Monetary Fund,
|c 2019.
|
| 300 |
|
|
|a 1 online resource (29 pages)
|
| 490 |
1 |
|
|a IMF Working Papers
|
| 500 |
|
|
|a <strong>Off-Campus Access:</strong> No User ID or Password Required
|
| 500 |
|
|
|a <strong>On-Campus Access:</strong> No User ID or Password Required
|
| 506 |
|
|
|a Electronic access restricted to authorized BRAC University faculty, staff and students
|
| 520 |
3 |
|
|a This paper is the first attempt to directly explore the long-run nonlinear relationship between the shadow economy and level of development. Using a dataset of 158 countries over the period from 1996 to 2015, our results reveal a robust U-shaped relationship between the shadow economy size and GDP per capita. Our results imply that the shadow economy tends to increase when economic development surpasses a given threshold or at least does not disappear. Our findings suggest that special attention should be given to the country's level of development when designing policies to tackle issues related to the shadow economy.
|
| 538 |
|
|
|a Mode of access: Internet
|
| 700 |
1 |
|
|a Schneider, Friedrich.
|
| 830 |
|
0 |
|a IMF Working Papers; Working Paper ;
|v No. 2019/048
|
| 856 |
4 |
0 |
|z Full text available on IMF
|u http://elibrary.imf.org/view/journals/001/2019/048/001.2019.issue-048-en.xml
|z IMF e-Library
|